| 000 | 00619nam a2200193 i 4500 | ||
|---|---|---|---|
| 001 | 101448 | ||
| 003 | ES-MaACL | ||
| 005 | 20230906182918.0 | ||
| 007 | t| | ||
| 008 | 051018s1963 sp ||||1| spa d | ||
| 100 | 1 |
_aMazzucchelli, Mario. _979508 |
|
| 245 | 1 | 3 |
_aLa monja de Monza (Sor Virginia María de Leyva) / _cMario Mazzucchelli; [traducción... por Enrique de Juan]. |
| 250 | _a[1ª ed.]. | ||
| 260 |
_aBarcelona : _bPlaneta, _c1963. |
||
| 300 |
_a418 p., 12 lám. ; _c22 cm. |
||
| 600 | 1 | 4 |
_aLeiva, Virginia María de. _9163701 |
| 700 | 1 |
_aJuan, Enrique de. _967090 |
|
| 852 |
_aES-MaACL _jC-26536 _bR.52728 |
||
| 999 |
_c101448 _d101448 |
||